|
|
|
|
| LEADER |
01203nam a22002777a 4500 |
| 001 |
37735 |
| 003 |
BD-DhAAL |
| 008 |
220215t2017 bg ||||| |||| 00| 0 ben d |
| 999 |
|
|
|c 43518
|d 43518
|
| 020 |
|
|
|a 9789849255833
|
| 040 |
|
|
|a BD-DhAAL
|
| 041 |
|
|
|a ben
|
| 082 |
|
|
|a 374.95492
|2 23
|
| 100 |
|
|
|a রহমান, আ.ন.স হাবীবুর
|9 45822
|
| 245 |
|
|
|a ফিরে দেখা :
|b উপানুষ্ঠানিক শিক্ষার তিন যুগ /
|c আ.ন.স হাবীবুর রহমান
|
| 246 |
|
|
|a Looking back :
|b three yug (epoch) of non-formal education
|
| 260 |
|
|
|a Dhaka :
|b Yukta,
|c 2017.
|
| 300 |
|
|
|a ১১২ পৃষ্ঠা ;
|c ২২ সে.মি.
|
| 526 |
|
|
|a BIED
|
| 541 |
|
|
|a Complimentary copy from BIED
|e 37735
|
| 650 |
|
|
|a Non-formal education
|z Bangladesh.
|9 45823
|
| 650 |
|
|
|a Non-formal education.
|9 45824
|
| 651 |
|
|
|a Bangladesh.
|9 45825
|
| 852 |
|
|
|a Ayesha Abed Library
|c BIED Collection
|
| 942 |
|
|
|2 ddc
|c BK
|
| 952 |
|
|
|0 0
|1 0
|2 ddc
|4 0
|6 374_954920000000000_RAH
|7 0
|9 69811
|a BRACUL
|b BRACUL
|c GEN
|d 2022-02-15
|e Complimentary copy from BIED
|l 0
|o 374.95492 RAH
|p 3010037735
|r 2022-02-15
|t 1
|w 2022-02-15
|y BK
|x Transferred from BIED to General Stacks
|